书目信息 |
| 书名: | the Last Two Weeks of Georges Rivag | |
| 作者: | Geoffrey Household. | |
| 分册号: | ||
| 分册名: | 出版地: | BOSTON : |
|
| 出版社: | G.K.Hall & Co | |
| 出版时间: | 1979. | |
| 页数: | 391 p. ; | |
| 开本: | 26cm. | |
| 丛书名: | ||
| 中图分类号: | ||
| 科图分类号: | ||
| 其他分类号: | K837.12 | |
| 主题词: | ||
| 电子资源: | ||
| 000 | 00412nam 2200145 a 4500 | |
| 001 | E0234907453 | |
| 005 | 2002052509414674 | |
| 008 | 020525s1979 00010 eng | |
| 020 | @a0-8161-6744-3 :@cRMB 12.00. | |
| 040 | @aPFT@beng | |
| 090 | @aK837.12 | |
| 099 | @dK837.12@eH842 | |
| 245 | @athe Last Two Weeks of Georges Rivag / @cGeoffrey Household. | |
| 260 | @aBOSTON :@bG.K.Hall & Co.,@c1979. | |
| 300 | @a391 p. ;@c26cm. | |
| the Last Two Weeks of Georges Rivag / / Geoffrey Household.-BOSTON : : G.K.Hall & Co., , 1979. |
| 391 p. ; ; 26cm. |
| ISBN 0-8161-6744-3 :RMB 12.00. |
| ● |
| 相关链接 |
|
|
|
正题名:the Last Two Weeks of Georges Rivag
索取号:K837.12/H842
 
预约/预借
| 序号 | 登录号 | 条形码 | 馆藏地/架位号 | 状态 | 备注 |
| 1 | 04179 | 300041791 | 社科库309/309社科库 993排2列1层/ [索取号:K837.12/H842] | 在馆 |